Представление документа в формате MARC21

Поле Инд. ПП Название Значение
Тип записи a
Библиографический уровень b
001 Контрольный номер RU/IS/BASE/475234065
005 Дата корректировки 20150122121924.5
008 Кодируемые данные 061205
040 a Служба первич. каталог. НБ ТвГУ
041 a Код языка текста rus
098 b Факультет Филологический
c Кафедра русского языка
100 1_ a Автор Маркелова Галина Владимировна
q Полное имя Маркелова Г. В.
245 00 a Заглавие Историческая судьба трех пояснительных скреп в русском языке XV - XVIII вв.
504 a Библиография Библиогр. в примеч.: с.111-112 (29 назв.)
650 a Основная рубрика Русский язык
x Основная подрубрика История русского языка
653 a Ключевые слова Памятники письменности
a Ключевые слова Письменность
a Ключевые слова Пояснительные скрепы
a Ключевые слова Труды Тверского государственного университета
773 w Контрольный № источника 9ed2709c-c154-45ba-80e4-bfb449ba0d2a
t Название источника Русский язык: история и современность : сб науч. тр. к 85-летию каф. русского языка Твер. гос. ун-та
d Место и дата издания Тверь: ТвГУ, 2002
g Прочая информация С. 106-112.
852 h Классифик. часть индекса Ш141.12
i Расстановочный признак Р89
920 a Оператор Корж
999 a Подразделение 2 аб.